Sonic Characters Quiz - Super Edition - Statistics

General Stats
  • This quiz has been taken 23 times
    18 since last reset
  • The average score is 21 of 114
Answer Stats
Number Answer % Correct
1. Sonic the Hedgehog
86%
3. Knuckles the Echidna
64%
2. Miles "Tails" Prower
64%
4. Amy Rose
57%
104. Blaze the Cat
50%
14. Metal Sonic
50%
8. Rouge the Bat
50%
11. Charmy Bee
43%
5. Cream the Rabbit
43%
9. E-123 Omega
43%
7. Shadow the Hedgehog
43%
103. Silver the Hedgehog
43%
12. Vector the Crocodile
43%
6. Big the Cat
36%
34. Cheese
36%
35. Chocola
36%
108. Cubot
36%
10. Espio the Chameleon
36%
49. Maria Robotnik
36%
107. Orbot
36%
15. Sage
36%
102. Chaos
29%
52. Chip
29%
13. Dr. Ivo "Eggman" Robotnik
29%
66. Infinite the Jackal
29%
28. Mighty the Armadillo
29%
27. Ray the Flying Squirrel
29%
110. Super Sonic
29%
22. Tangle the Lemur
29%
33. Vanilla the Rabbit
29%
24. Whisper the Wolf
29%
32. Bark the Polar Bear
21%
31. Bean the Dynamite
21%
53. Black Doom
21%
51. Dark Gaia
21%
30. Fang the Sniper
21%
79. Grounder
21%
26. Honey the Cat
21%
68. Moto Bug
21%
44. Sally Acorn
21%
101. Tikal the Echidna
21%
29. Trip the Sungazer
21%
54. Zavok
21%
55. Zazz
21%
56. Zeena
21%
25. Barry the Quokka
14%
63. Bomb
14%
46. Bunnie Rabbot
14%
69. Buzz Bomber
14%
71. Crabmeat
14%
50. Dr. Gerald Robotnik
14%
16. Dr. Starline
14%
93. Egg Pawn
14%
87. Eggrobo
14%
37. Emerl
14%
36. Gemerl
14%
62. Heavy
14%
96. Heavy Gunner
14%
98. Heavy Magician
14%
99. Heavy Rider
14%
97. Heavy Shinobi
14%
111. Hyper Sonic
14%
19. Jet the Hawk
14%
23. Jewel the Beetle
14%
18. Kitsunami the Fennec
14%
105. Marine the Racoon
14%
59. Master Zik
14%
41. Metal Knuckles
14%
45. Rotor the Walrus
14%
100. Scourge the Hedgehog
14%
80. Scratch
14%
21. Storm the Albatross
14%
17. Surge the Tenrec
14%
42. Tails Doll
14%
20. Wave the Swallow
14%
57. Zomom
14%
58. Zor
14%
84. Aquis
7%
92. Bloominator
7%
114. Burning Blaze
7%
73. Caterkiller
7%
70. Chopper
7%
78. Coconuts
7%
94. Egg Fighter
7%
95. Heavy King
7%
60. Lanolin the Sheep
7%
47. Manic the Hedgehog
7%
64. Mimic the Octopus
7%
43. Rusty Rose
7%
48. Sonia the Hedgehog
7%
106. Sticks the Badger
7%
112. Super Shadow
7%
113. Super Silver
7%
86. Asteron
0%
77. Ball Hog
0%
76. Bat Brain
0%
74. Burrobot
0%
65. Clutch the Opossom
0%
85. Crawlton
0%
67. Gadget the Wolf
0%
61. Hocke-Wulf
0%
91. Madmole
0%
38. Mecha Sonic MKI
0%
39. Mecha Sonic MKII
0%
40. Mecha Sonic MKIII
0%
90. Monkey Dude
0%
72. Newtron
0%
75. Orbinaut
0%
89. Penguinator
0%
88. Rhinobot
0%
82. Shellcracker
0%
81. Slicer
0%
109. Sonic Man
0%
83. Spiny
0%
No matching quizzes found
Score Distribution
Percent of People with Each Score
Percentile by Number Answered
Your Score History
You have not taken this quiz since the last reset